000 01150nam a2200217Ia 4500
999 _c38419
_d38419
001 4430
003 GE_BSU
005 20190514214048.0
008 181216s2008|||| |||||||||||||| ||geo||
040 _cGE_BSU
041 _ageo
080 _a624.9(035.3) ბ–33
100 _a ბაღათურია, ფ
_91170
245 _aრკინაბეტონისა და ქვის კონსტრუქციები : სქემებისა და საცნობარო ცხრილების ალბომი /
_cტ.სილვანჩოვი ; მთარგმ. ფ. ბაღათურია ; ი.ახალაძე.
264 _aბათუმი :
_bშოთა რუსთაველის სახ. უნ–ტი,
_c2008.
300 _a163 გვ .;
_bსქ; ცხრ.
_c19 სმ.
653 _aრკინაბეტონისა და ქვის კონსტრუქციები
700 _aბაღათურია, ფ
_eმთარგმნელი
_91171
700 _aახალაძე, ი
_eმთარგმნელი
_91172
942 _cBK
_2udc